Report of the forest of dean committee 1958 (Record no. 426339)

000 -LEADER
fixed length control field 00371cam a22001097a 4500
008 - FIXED-LENGTH DATA ELEMENTS--GENERAL INFORMATION
fixed length control field 180718b1959 xxu||||| |||| 00| 0 eng d
082 ## - DEWEY DECIMAL CLASSIFICATION NUMBER
Classification number Y4x42 Un3f
245 ## - TITLE STATEMENT
Title Report of the forest of dean committee 1958
Statement of responsibility, etc. by Forestry Commission, United Kingdom
260 ## - PUBLICATION, DISTRIBUTION, ETC.
Place of publication, distribution, etc. London
Name of publisher, distributor, etc. Her Majesty's Stationery Office
Date of publication, distribution, etc. 1959
300 ## - PHYSICAL DESCRIPTION
Extent 58p.
700 ## - ADDED ENTRY--PERSONAL NAME
Personal name United Kingdom. Forestry Commission
Holdings
Withdrawn status Lost status Damaged status Not for loan Permanent Location Current Location Date acquired Full call number Barcode Date last seen Price effective from Koha item type
        Indian Institute of Public Administration Indian Institute of Public Administration 2009-10-27 Y4x42 Un3f 18277 2018-07-21 2018-07-21 Book

Powered by Koha